| 000 | 00530nam a2200169 i 4500 | ||
|---|---|---|---|
| 001 | 100412 | ||
| 003 | ES-MaACL | ||
| 005 | 20230906182653.0 | ||
| 007 | t| | ||
| 008 | 050928s1918 ag ||||1| spa d | ||
| 100 | 1 |
_aMasciotra, Angel A. _978694 |
|
| 245 | 1 | 4 |
_aLos débiles de espíritu _b: Tesis presentada para optar al título de Doctor en Medicina / _cpor Angel A. Masciotra. |
| 260 |
_aBuenos Aires : _bLa semana médica, _c1918. |
||
| 300 |
_a200 p. ; _c27 cm. |
||
| 502 | _aTesis Doctoral. | ||
| 852 |
_aES-MaACL _jF-741 |
||
| 999 |
_c100412 _d100412 |
||